Per i nostri cari Defunti (Record n. 29412)

Dettagli MARC
000 -LEADER
fixed length control field 01529nam a2200193Ia 4500
003 - CONTROL NUMBER IDENTIFIER
control field IT-RoPAU
005 - DATE AND TIME OF LATEST TRANSACTION
control field 20220918175755.0
008 - FIXED-LENGTH DATA ELEMENTS--GENERAL INFORMATION
fixed length control field 120407s9999 xx 000 0 und d
040 ## - CATALOGING SOURCE
Original cataloging agency IT-RoPAU
040 ## - CATALOGING SOURCE
Transcribing agency IT-RoPAU
041 ## - LANGUAGE CODE
Language code of text/sound track or separate title ita
100 ## - MAIN ENTRY--PERSONAL NAME
Personal name Alberione, Giacomo
Fuller form of name SSP
9 (RLIN) 14
245 ## - TITLE STATEMENT
Title Per i nostri cari Defunti
Remainder of title Considerazioni per il mese dei defunti
250 ## - EDITION STATEMENT
Edition statement 5° ed.
260 ## - PUBLICATION, DISTRIBUTION, ETC. (IMPRINT)
Place of publication, distribution, etc. Alba
Name of publisher, distributor, etc. E. P.
Date of publication, distribution, etc. 1953
300 ## - PHYSICAL DESCRIPTION
Extent 224 p.
Dimensions 17 cm
520 ## - SUMMARY, ETC.
Summary, etc. INDICE<br/>1)Immortalità dell'anima;<br/>2)Che cos'è il Purgatorio;<br/>3)Comunione dei Santi;<br/>4)Il Purgatorio esiste;<br/>5)L'esistenza del Purgatorio nella Scrittura e nella Tradizione;<br/>6)Nel Purgatorio si soffre;<br/>7)Pena del senso;<br/>8)Pene particolari;<br/>9)Conforti alle anime purganti;<br/>10)Circostanze del Purgatorio;<br/>11)Purificazione e glorificazione del nostro corpo;<br/>12)Le anime purganti rispetto a noi;<br/>13)Le anime purganti rispetto a Dio;<br/>14)La carità verso i Defunti è utile anche ai vivi;<br/>15)Vantaggi dal sollevare le anime purganti;<br/>16)Suffragi: la Santa Messa;<br/>17)Messa quotidiana dei Defunti;<br/>18)Maria Regina del suffragio;<br/>19)Le sante Indulgenze;<br/>20)Condizioni per acquistare le Indulgenze;<br/>21)Alcune fra le principali Indulgenze;<br/>22)Il mese di novembre;<br/>23)Le tre Messe per i Defunti;<br/>24)Suffragi: le opere buone;<br/>25)L'elemosina;<br/>26)Suffragi e vita cristiana;<br/>27)Assistenza agli infermi-Sepoltura-Cimitero;<br/>28)Tre mezzi per evitare il Purgatorio;<br/>29)Diffondiamo la divozione del Purgatorio;<br/>30)Novena proposta da S.Alfonso;<br/>Preghiere per i Defunti
942 ## - ADDED ENTRY ELEMENTS (KOHA)
Koha item type LIBRO
Source of classification or shelving scheme Dewey Decimal Classification
Dati di copia
Withdrawn status Lost status Source of classification or shelving scheme Damaged status Not for loan Home library Current library Date acquired Total Checkouts Full call number Date last seen Price effective from Koha item type
    Dewey Decimal Classification Buone Condizioni Not For Loan PAULUS-BIBLIOTECA PAULUS-BIBLIOTECA 11/04/2012   P A2 11/04/2012 11/04/2012 LIBRO
    Dewey Decimal Classification Buone Condizioni Not For Loan PAULUS-BIBLIOTECA PAULUS-BIBLIOTECA 26/10/2013   P A2 26/10/2013 26/10/2013 LIBRO
CREDITS: SOCIETA' SAN PAOLO Via A.Severo, 58 - ROMA (RM) & PERIODICI SAN PAOLO SRL Via Giotto, 36 MILANO & CISF Via Giotto, 36 MILANO & EDIZIONI SAN PAOLO SRL,  Piazza Soncino, 5 CINISELLO BALSAMO (MI) -- ITALY